00509nam a22002057a 450000500170000001000110001702000100002803500110003803700160004904000120006508200130007710000180009024500400010825000110014826000430015927000130020230000240021550000510023965000130029020170124110156.0 a244545 c00.00 a244545 bCen Lib/Ret aDPLbEN a200bNOS aNoss, John B. aMan's religions /cby John B. Noss  a3rd ed aNew YorkbThe macmillan company c1963 bNew York axvi,816p.c20cm(Hb) aIncludes bibliographical references and index  aReligion